000 00547nam a22001937i 4500
999 _c23339
_d23339
003 AR-CdUCM
008 250724b20192019 pe||||| |||| 00| 0 spa d
020 _a978-84-9794-467-0
040 _aMUNICIPALIDAD PROVINCIAL DEL CUSCO
_cBIBLIOTECA MUNICIPAL DEL CUSCO
041 _hspa
082 _a808.8 / H72
_bH72
100 _aHomero
_912528
245 _aIlíada /
260 _aMadrid-España
_bEDIMAR LIBROS, S.A.
_c2019
300 _a415 páginas. :
_c22x15 cm.
856 _fwww.edimat.es
942 _2ddc
_cLIBROS
945 _apbjr
_d24-07-2025